Kratkaja geografičeskaja enciklopedija. [Vyp.] 4, Sojuznaja Sovetskaja Respublika-Jugoslavija /
Uložené v:
| Ďalší autori: | |
|---|---|
| Médium: | Kniha |
| Jazyk: | Russian |
| Vydané: |
Moskva :
Sovetskaja enciklopedija,
1964.
|
| Vydanie: | 1. izd. |
| Edícia: | Enciklopedii. Slovari. Spravočniki
|
| ISBN: |
(viaz.) |
| Fyzický popis: |
448 s : il., obr. príl., mp. |
| Tagy: |
Pridať tag
Žiadne tagy, Buďte prvý kto otaguje tento záznam!
|
Titul je dostupný aj v ... 

MARC
| LEADER | 00000nam a22000001 4500 | ||
|---|---|---|---|
| 001 | 000201708 | ||
| 005 | 20110131184019.0 | ||
| 008 | 000222s1964 ru e rus d | ||
| 020 | |a (viaz.) |c Kčs 35,00 | ||
| 040 | |a SVKKK |b slo |c SVKKK |e AACR2 | ||
| 041 | 0 | |a rus | |
| 044 | |a ru |c RU | ||
| 245 | 0 | 0 | |a Kratkaja geografičeskaja enciklopedija. |n [Vyp.] 4, |p Sojuznaja Sovetskaja Respublika-Jugoslavija / |c gl. red. A. A. Grigor´jev. |
| 250 | |a 1. izd. | ||
| 260 | |a Moskva : |b Sovetskaja enciklopedija, |c 1964. | ||
| 300 | |a 448 s : |b il., obr. príl., mp. | ||
| 490 | 1 | |a Enciklopedii. Slovari. Spravočniki | |
| 700 | 1 | |a Grigor´jev, A. A. |4 edt | |
| 830 | 0 | |a Enciklopedii. Slovari. Spravočniki | |
| 910 | |a svkkk | ||
| 998 | |a BK | ||
| 090 | |g SCKHL |k Sklad Pribinova 3. posch. |a V.40956 |j 346562 |i 2720009328 |4 Multiplikát |s Návrh na vyradenie | ||
| 090 | |g SCKHL |k Sklad Pribinova 3. posch. |a V.40957 |j 346563 |i B206949 |4 Multiplikát |s Návrh na vyradenie | ||
| 090 | |g SCKHL |k Sklad Pribinova 3. posch. |a V0.3786 |j 021354 |i 2720791657 |s Absenčne | ||